[Event "Nordic Ch 8.Vesterhav"]
[Site "Esbjerg"]
[Date "1983.07.19"]
[Round "1"]
[White "Hansson, Dan"]
[Black "Hansen, Curt"]
[Result "0-1"]
[WhiteElo "2320"]
[BlackElo "2450"]
[PlyCount "68"]
[EventDate "1983.??.??"]
[EventCountry "DEN"]

1. e4 c6 2. d4 d5 3. Nd2 dxe4 4. Nxe4 Nd7 5. Nf3 Ngf6 6. Nxf6+ Nxf6 7. Ne5 Be6
8. Be2 g6 9. O-O Bg7 10. c3 O-O 11. Bf4 Qb6 12. Qc1 c5 13. dxc5 Qxc5 14. Nd3
Qf5 15. Bh6 Bc4 16. Bxg7 Kxg7 17. Qe3 Rfd8 18. Rfd1 e5 19. b3 Nd5 20. Qc1 Bxd3
21. Bxd3 e4 22. Bf1 Qe5 23. c4 Nb4 24. a3 Rxd1 25. Qxd1 Nd3 26. Ra2 Rd8 27. g3
Qc3 28. Re2 f5 29. Re3 a5 30. g4 Rd6 31. gxf5 gxf5 32. Qh5 f4 33. Rg3+ fxg3 34.
Qg5+ Kf8 0-1

[Event "Nordic Ch 8.Vesterhav"]
[Site "Esbjerg"]
[Date "1983.07.19"]
[Round "1"]
[White "Raaste, Eero J"]
[Black "Westerinen, Heikki"]
[Result "1/2-1/2"]
[WhiteElo "2375"]
[BlackElo "2385"]
[PlyCount "81"]
[EventDate "1983.??.??"]
[EventCountry "DEN"]

1. Nf3 d5 2. b3 c5 3. e3 Nf6 4. Bb2 e6 5. Be2 Bd6 6. O-O O-O 7. c4 Nc6 8. cxd5
Nxd5 9. d4 b6 10. Nc3 Nxc3 11. Bxc3 Bb7 12. dxc5 Bxc5 13. Qxd8 Rfxd8 14. Rfd1
f6 15. Rd2 Kf7 16. Rad1 Rxd2 17. Rxd2 Ke7 18. Bd3 g6 19. h4 Bb4 20. Rc2 Rd8 21.
Be2 e5 22. Bb2 a5 23. a3 Bc5 24. Nd2 f5 25. Nc4 Ke6 26. Kf1 e4 27. g4 Rc8 28.
g5 Ne7 29. Nd2 Nd5 30. Ke1 Bxe3 31. Rxc8 Bxd2+ 32. Kxd2 Bxc8 33. Bc4 Kd6 34.
Bd4 Be6 35. Bxd5 Bxd5 36. Bxb6 Bxb3 37. Ke3 a4 38. Kd4 Bc2 39. Ba7 Ke6 40. Bb8
Bb3 41. Bf4 1/2-1/2

[Event "Nordic Ch 8.Vesterhav"]
[Site "Esbjerg"]
[Date "1983.07.19"]
[Round "1"]
[White "Schneider, Lars Ake"]
[Black "Agdestein, Simen"]
[Result "1-0"]
[WhiteElo "2445"]
[BlackElo "2400"]
[PlyCount "145"]
[EventDate "1983.??.??"]
[EventCountry "DEN"]

1. c4 Nf6 2. Nf3 g6 3. b4 Bg7 4. Bb2 O-O 5. g3 c6 6. Bg2 a5 7. b5 cxb5 8. cxb5
a4 9. O-O d5 10. Na3 Nbd7 11. Rc1 Ne8 12. Bxg7 Kxg7 13. Qc2 e5 14. Qb2 f6 15.
Ne1 Nb6 16. f4 exf4 17. Rxf4 Nc7 18. Nd3 Ne6 19. Rff1 Qd6 20. Qb4 Qxb4 21. Nxb4
Rd8 22. Nb1 Nd4 23. Nc3 Be6 24. e3 Nf5 25. Ne2 Rd7 26. Rc5 Ne7 27. Rfc1 Bf7 28.
Rc7 Rad8 29. Kf2 Nc4 30. Rxd7 Rxd7 31. d3 Ne5 32. h3 Kf8 33. Rc3 Nf5 34. Nd4
Nd6 35. Ra3 Rc7 36. Rxa4 Rc5 37. Ra8+ Ke7 38. a4 Nd7 39. Ke2 Nb6 40. Rh8 Nxa4
41. Rxh7 Nxb5 42. Nxb5 Rxb5 43. Nxd5+ Kf8 44. Nxf6 Rb2+ 45. Kf3 Nc3 46. Nd7+
Kg8 47. Nf6+ Kf8 48. g4 b5 49. Nd7+ Kg8 50. Nf6+ Kf8 51. h4 b4 52. h5 gxh5 53.
gxh5 Nd1 54. Kg3 Nxe3 55. Be4 b3 56. h6 Nf1+ 57. Kf4 Rh2 58. Nd7+ Ke8 59. Ne5
Rf2+ 60. Kg5 Nd2 61. Bc6+ Ke7 62. Nxf7 b2 63. Ne5+ Ke6 64. Rb7 b1=Q 65. Rxb1
Nxb1 66. Bf3 Rb2 67. h7 Rb8 68. Ng6 Nd2 69. Bg4+ Kd6 70. Kf6 Nb3 71. Be6 Nc5
72. Bg8 Nd7+ 73. Kg7 1-0

[Event "Nordic Ch 8.Vesterhav"]
[Site "Esbjerg"]
[Date "1983.07.19"]
[Round "1"]
[White "Sigurjonsson, Gudmundur"]
[Black "Forintos, Gyozo"]
[Result "1/2-1/2"]
[WhiteElo "2460"]
[BlackElo "2450"]
[PlyCount "49"]
[EventDate "1983.??.??"]
[EventCountry "DEN"]

1. e4 c5 2. Nf3 e6 3. d4 cxd4 4. Nxd4 a6 5. Bd3 Ne7 6. O-O Nbc6 7. Nb3 Ng6 8.
Be3 Be7 9. a4 b6 10. N1d2 O-O 11. Nc4 Rb8 12. a5 bxa5 13. Ncxa5 Nxa5 14. Nxa5
Bf6 15. Bc5 Be7 16. Bxe7 Qxe7 17. b3 Qc5 18. Re1 d6 19. Qd2 Rd8 20. b4 Qb6 21.
c3 Ne5 22. Bf1 Bd7 23. Qe3 Rdc8 24. Qxb6 Rxb6 25. Rec1 1/2-1/2

[Event "Nordic Ch 8.Vesterhav"]
[Site "Esbjerg"]
[Date "1983.07.19"]
[Round "1"]
[White "Tiller, Bjorn"]
[Black "Wedberg, Tom"]
[Result "0-1"]
[WhiteElo "2430"]
[BlackElo "2495"]
[PlyCount "58"]
[EventDate "1983.??.??"]
[EventCountry "DEN"]

1. c4 c5 2. Nf3 Nc6 3. d4 cxd4 4. Nxd4 e6 5. g3 Qb6 6. Nb3 Ne5 7. e4 a5 8. Qe2
a4 9. N3d2 Bc5 10. f4 Nc6 11. Nc3 Nd4 12. Qd3 d6 13. Nf3 Nf6 14. Bg2 O-O 15.
Nxd4 Bxd4 16. Bf3 Bd7 17. Kf1 d5 18. exd5 exd5 19. cxd5 a3 20. Rb1 axb2 21.
Rxb2 Qc5 22. Rb3 Rfc8 23. Bd2 Bh3+ 24. Bg2 Bxc3 25. Bxh3 Bxd2 26. Bxc8 Rxa2 27.
Qb1 Rc2 28. Bf5 Rc1+ 29. Qxc1 Bxc1 0-1

[Event "Nordic Ch 8.Vesterhav"]
[Site "Esbjerg"]
[Date "1983.07.19"]
[Round "1"]
[White "Ziska, Andrias"]
[Black "Jakobsen, Ole"]
[Result "0-1"]
[WhiteElo "2200"]
[BlackElo "2440"]
[PlyCount "72"]
[EventDate "1983.??.??"]
[EventCountry "DEN"]

1. e4 c5 2. Nf3 d6 3. d4 cxd4 4. Nxd4 Nf6 5. Nc3 a6 6. Bg5 e6 7. Qd2 Be7 8. f4
h6 9. Bxf6 Bxf6 10. O-O-O O-O 11. Kb1 Qe7 12. g4 Rd8 13. g5 hxg5 14. fxg5 Be5
15. g6 Nc6 16. gxf7+ Qxf7 17. Nxc6 bxc6 18. Bc4 Rb8 19. Bb3 Rf8 20. h4 c5 21.
h5 Qf2 22. Ka1 Qxd2 23. Rxd2 Rb4 24. a3 Rb7 25. h6 g6 26. Rg2 Kh7 27. Nd1 Rf3
28. Ka2 Rbf7 29. Bc4 Rg3 30. Rd2 Rf4 31. Re2 Bb7 32. Nf2 Bd4 33. Nh3 Rxe4 34.
Rf1 Rxe2 35. Bxe2 Bd5+ 36. c4 Bg2 0-1

[Event "Nordic Ch 8.Vesterhav"]
[Site "Esbjerg"]
[Date "1983.07.20"]
[Round "2"]
[White "Jakobsen, Ole"]
[Black "Hansson, Dan"]
[Result "1/2-1/2"]
[WhiteElo "2440"]
[BlackElo "2320"]
[PlyCount "135"]
[EventDate "1983.??.??"]
[EventCountry "DEN"]

1. c4 g6 2. Nc3 Bg7 3. d4 Nf6 4. e4 d6 5. f3 O-O 6. Bg5 Nc6 7. Nge2 e5 8. d5
Nd4 9. Nxd4 exd4 10. Qxd4 h6 11. Bxf6 Bxf6 12. Qd2 c5 13. Bd3 Bh4+ 14. g3 Bf6
15. O-O Bh3 16. Rfd1 Bd4+ 17. Kh1 Qf6 18. Be2 g5 19. Qd3 a6 20. a4 Rae8 21. Bf1
Bd7 22. Bg2 Qg7 23. Re1 f5 24. exf5 Bxf5 25. Qd2 Qg6 26. Rxe8 Rxe8 27. Re1
Rxe1+ 28. Qxe1 Bd3 29. Bf1 Be5 30. Kg2 Bc2 31. a5 Kg7 32. Qd2 h5 33. Be2 Bf5
34. Nd1 Bd4 35. Nf2 Qf6 36. Bd3 Bxd3 37. Nxd3 Kg6 38. Qe2 Kf7 39. Qe4 Kg7 40.
Qe8 Bxb2 41. Qd7+ Kg6 42. Nf2 Be5 43. Qxb7 Qf5 44. Qb3 Bd4 45. Ne4 Be5 46. Qe3
h4 47. g4 Qf4 48. Qxf4 Bxf4 49. h3 Kf7 50. Kf1 Kg6 51. Ke2 Be5 52. Kd3 Bg3 53.
Nc3 Kf6 54. Ke4 Be1 55. Nb5 Ke7 56. Na7 Kd7 57. Nc6 Bd2 58. Kd3 Bf4 59. Ke4 Bd2
60. Kf5 Bf4 61. Kf6 Bd2 62. Kf7 Bc3 63. Kg6 Bd2 64. Kf6 Bf4 65. Kf5 Bd2 66. Ke4
Bf4 67. Kd3 Bc1 68. Ke4 1/2-1/2

[Event "Nordic Ch 8.Vesterhav"]
[Site "Esbjerg"]
[Date "1983.07.20"]
[Round "2"]
[White "Wedberg, Tom"]
[Black "Ziska, Andrias"]
[Result "1-0"]
[WhiteElo "2495"]
[BlackElo "2200"]
[PlyCount "67"]
[EventDate "1983.??.??"]
[EventCountry "DEN"]

1. c4 Nf6 2. Nc3 g6 3. g3 Bg7 4. Bg2 O-O 5. e3 d6 6. Nge2 c5 7. a3 Nc6 8. Rb1
Bf5 9. d3 Rb8 10. b4 Ne5 11. e4 Bg4 12. h3 Bf3 13. O-O Bxg2 14. Kxg2 cxb4 15.
axb4 a6 16. b5 Qc7 17. Be3 e6 18. Qd2 Rfc8 19. Rfc1 Kh8 20. Na4 Ned7 21. g4 Nc5
22. Nxc5 dxc5 23. Bf4 e5 24. Bg5 Ng8 25. Nc3 f6 26. Nd5 Qd6 27. Be3 Ne7 28.
bxa6 bxa6 29. Qa5 Nxd5 30. cxd5 Bf8 31. Rxb8 Qxb8 32. Qxa6 Bd6 33. Rb1 Qc7 34.
Rb6 1-0

[Event "Nordic Ch 8.Vesterhav"]
[Site "Esbjerg"]
[Date "1983.07.20"]
[Round "2"]
[White "Westerinen, Heikki"]
[Black "Forintos, Gyozo"]
[Result "1/2-1/2"]
[WhiteElo "2385"]
[BlackElo "2450"]
[PlyCount "36"]
[EventDate "1983.??.??"]
[EventCountry "DEN"]

1. e4 c5 2. f4 g6 3. d4 Bg7 4. d5 d6 5. Bb5+ Nd7 6. a4 a6 7. Bc4 Ngf6 8. Nc3
O-O 9. Nf3 Nb6 10. Be2 Bg4 11. O-O Bxf3 12. Bxf3 Ne8 13. Qe2 Nd7 14. Bd2 Nc7
15. Be1 e6 16. Rd1 Bd4+ 17. Kh1 exd5 18. exd5 Re8 1/2-1/2

[Event "Nordic Ch 8.Vesterhav"]
[Site "Esbjerg"]
[Date "1983.07.21"]
[Round "3"]
[White "Hansson, Dan"]
[Black "Wedberg, Tom"]
[Result "1/2-1/2"]
[WhiteElo "2320"]
[BlackElo "2495"]
[PlyCount "52"]
[EventDate "1983.??.??"]
[EventCountry "DEN"]

1. e4 e5 2. Nf3 Nc6 3. Bb5 Bc5 4. c3 f5 5. d4 fxe4 6. Nxe5 Nxe5 7. Qh5+ Nf7 8.
Bc4 Qe7 9. dxc5 Nf6 10. Qxf7+ Qxf7 11. Bxf7+ Kxf7 12. Bf4 d6 13. cxd6 Nh5 14.
Be3 cxd6 15. Na3 d5 16. Nb5 Be6 17. Nc7 Rac8 18. Nxe6 Kxe6 19. Bxa7 Nf4 20. Kd2
Rhf8 21. Kc2 Rf5 22. f3 Nxg2 23. fxe4 dxe4 24. Rhg1 Rg5 25. Kd2 Rf8 26. Be3
Rd5+ 1/2-1/2

[Event "Nordic Ch 8.Vesterhav"]
[Site "Esbjerg"]
[Date "1983.07.21"]
[Round "3"]
[White "Schneider, Lars Ake"]
[Black "Westerinen, Heikki"]
[Result "1-0"]
[WhiteElo "2445"]
[BlackElo "2385"]
[PlyCount "89"]
[EventDate "1983.??.??"]
[EventCountry "DEN"]

1. e4 e5 2. Nf3 Nc6 3. Bc4 Nf6 4. d3 Be7 5. c3 O-O 6. O-O d5 7. exd5 Nxd5 8.
Re1 Bf6 9. Nbd2 Nb6 10. Bb5 g6 11. Ne4 Bg7 12. Bg5 f6 13. Be3 Ne7 14. Qb3+ Kh8
15. d4 exd4 16. Bxd4 c6 17. Bf1 Bg4 18. Nc5 Qc7 19. h3 Bc8 20. Ne6 Bxe6 21.
Qxe6 Ned5 22. c4 Nb4 23. c5 N6d5 24. Qe2 Nf4 25. Qd2 Nbd5 26. b4 Rfe8 27. Bc4
Rad8 28. b5 Ne6 29. Rad1 Qf4 30. Bxd5 Qxd2 31. Rxd2 cxd5 32. Rde2 Nc7 33. a4
Rxe2 34. Rxe2 Re8 35. Rxe8+ Nxe8 36. c6 bxc6 37. bxc6 a6 38. Bb6 Nd6 39. Nd4
Nc8 40. Bc5 f5 41. Nc2 a5 42. Ne3 Kg8 43. Nxd5 Be5 44. c7 Kf7 45. Nb6 1-0

[Event "Nordic Ch 8.Vesterhav"]
[Site "Esbjerg"]
[Date "1983.07.21"]
[Round "3"]
[White "Sigurjonsson, Gudmundur"]
[Black "Jakobsen, Ole"]
[Result "0-1"]
[WhiteElo "2460"]
[BlackElo "2440"]
[PlyCount "66"]
[EventDate "1983.??.??"]
[EventCountry "DEN"]

1. e4 c5 2. Nf3 d6 3. d4 cxd4 4. Nxd4 Nf6 5. Nc3 a6 6. Be3 e6 7. f4 b5 8. Qf3
Bb7 9. Bd3 Nbd7 10. g4 b4 11. Nce2 Nc5 12. Ng3 g6 13. O-O-O Bg7 14. f5 Nfd7 15.
h4 Qc7 16. Kb1 O-O-O 17. fxg6 fxg6 18. g5 d5 19. Qg4 Rhe8 20. Nb3 Na4 21. Bc1
Ne5 22. Qh3 Nc4 23. Bxc4 dxc4 24. Rxd8+ Qxd8 25. Nd2 c3 26. Nc4 cxb2 27. Bd2
Qc7 28. Qf1 Rf8 29. Qd3 Rd8 30. Qb3 Nc3+ 31. Bxc3 bxc3 32. Nb6+ Kb8 33. Ne2 Qh2
0-1

[Event "Nordic Ch 8.Vesterhav"]
[Site "Esbjerg"]
[Date "1983.07.21"]
[Round "3"]
[White "Tiller, Bjorn"]
[Black "Raaste, Eero J"]
[Result "1/2-1/2"]
[WhiteElo "2430"]
[BlackElo "2375"]
[PlyCount "104"]
[EventDate "1983.??.??"]
[EventCountry "DEN"]

1. c4 e6 2. Nf3 d5 3. d4 c5 4. cxd5 exd5 5. g3 Nc6 6. Bg2 Nf6 7. O-O Be7 8.
dxc5 Bxc5 9. Bg5 O-O 10. Nc3 d4 11. Bxf6 Qxf6 12. Nd5 Qd8 13. Nd2 a5 14. Rc1
Ba7 15. Nf4 Bg4 16. Nb3 Rc8 17. Qd2 a4 18. Nc5 b5 19. Nfd3 Qf6 20. h3 Bf5 21.
g4 Bxd3 22. Qxd3 Qf4 23. Qxb5 Bb8 24. Rfd1 Ne5 25. Qb7 Ng6 26. Nd3 Rxc1 27.
Rxc1 Qd2 28. Rc8 Qd1+ 29. Bf1 Bh2+ 30. Kxh2 Qxf1 31. Rxf8+ Nxf8 32. Qe4 Ne6 33.
Qa8+ Nf8 34. Qxa4 Qxe2 35. Qxd4 Ne6 36. Qe3 Qc2 37. a3 Qb3 38. h4 h6 39. Kg3
Qd1 40. f3 g5 41. f4 h5 42. hxg5 Qxg4+ 43. Kh2 Ng7 44. Nf2 Qf5 45. Ne4 Kh8 46.
Nf6 Qc2+ 47. Kh3 Qd1 48. Qe4 Qf1+ 49. Kg3 Nf5+ 50. Qxf5 h4+ 51. Kg4 Qe2+ 52.
Kxh4 Qf2+ 1/2-1/2

[Event "Nordic Ch 8.Vesterhav"]
[Site "Esbjerg"]
[Date "1983.07.21"]
[Round "3"]
[White "Ziska, Andrias"]
[Black "Agdestein, Simen"]
[Result "0-1"]
[WhiteElo "2200"]
[BlackElo "2400"]
[PlyCount "106"]
[EventDate "1983.??.??"]
[EventCountry "DEN"]

1. e4 c5 2. Nf3 d6 3. d4 cxd4 4. Nxd4 Nf6 5. Nc3 a6 6. Bg5 e6 7. f4 Nbd7 8. Qf3
Qc7 9. O-O-O b5 10. Bd3 Bb7 11. Rhe1 Qb6 12. Nce2 Be7 13. Kb1 Nc5 14. Ng3 h6
15. Bh4 g6 16. f5 g5 17. fxe6 fxe6 18. Nh5 O-O-O 19. Nxf6 Rhf8 20. Bf2 Rxf6 21.
Qe3 Rdf8 22. Bg3 Nd7 23. c4 b4 24. Rc1 Qc5 25. h4 g4 26. Bc2 Kb8 27. b3 Bd8 28.
Rcd1 Bb6 29. Qe2 Ne5 30. h5 Bc8 31. Rd2 Qc7 32. Red1 Bc5 33. Kb2 Ka8 34. Bb1
Qg7 35. Bc2 Nc6 36. e5 Nxd4 37. exf6 Qxf6 38. Rxd4 Bxd4+ 39. Kb1 e5 40. Be4+
Ka7 41. Be1 a5 42. Bd2 Kb6 43. Kc1 Kc5 44. Be3 g3 45. Bf3 Bf5 46. Qd2 Bh7 47.
Bxd4+ exd4 48. Re1 Kb6 49. Rd1 d3 50. Qb2 Qc3+ 51. Kb1 d2+ 52. Ka1 Rxf3 53.
gxf3 g2 0-1

[Event "Nordic Ch 8.Vesterhav"]
[Site "Esbjerg"]
[Date "1983.07.22"]
[Round "4"]
[White "Agdestein, Simen"]
[Black "Hansson, Dan"]
[Result "1-0"]
[WhiteElo "2400"]
[BlackElo "2320"]
[PlyCount "81"]
[EventDate "1983.??.??"]
[EventCountry "DEN"]

1. d4 Nf6 2. c4 g6 3. Nc3 Bg7 4. e4 d6 5. f3 O-O 6. Bg5 Nc6 7. Nge2 e5 8. d5
Nd4 9. Be3 Nxe2 10. Bxe2 Nh5 11. Qd2 f5 12. O-O-O f4 13. Bf2 Bf6 14. c5 Bh4 15.
Bg1 Nf6 16. Kb1 Rf7 17. Nb5 Ne8 18. Qc3 a6 19. Na3 b6 20. cxd6 cxd6 21. Nc4 Rb7
22. Rc1 Bd7 23. Qa3 Qb8 24. g3 fxg3 25. hxg3 Bxg3 26. Be3 a5 27. Rcg1 b5 28.
Nxd6 b4 29. Qd3 Nxd6 30. Rxg3 a4 31. Qd2 Rc7 32. Bd3 Bb5 33. f4 Nc4 34. Bxc4
Rxc4 35. Qh2 Rc7 36. Rxg6+ Kh8 37. f5 Bd3+ 38. Ka1 Re7 39. d6 a3 40. dxe7 axb2+
41. Qxb2 1-0

[Event "Nordic Ch 8.Vesterhav"]
[Site "Esbjerg"]
[Date "1983.07.22"]
[Round "4"]
[White "Jakobsen, Ole"]
[Black "Forintos, Gyozo"]
[Result "1-0"]
[WhiteElo "2440"]
[BlackElo "2450"]
[PlyCount "77"]
[EventDate "1983.??.??"]
[EventCountry "DEN"]

1. c4 b6 2. e4 Bb7 3. Nc3 e6 4. Nf3 Bb4 5. d3 Ne7 6. Bd2 Ng6 7. a3 Be7 8. d4 c5
9. d5 Bf6 10. Be2 h5 11. Qc2 d6 12. Rd1 e5 13. Qc1 Bc8 14. h4 Nxh4 15. Nxh4
Bxh4 16. g3 Bf6 17. Rxh5 Rxh5 18. Bxh5 Nd7 19. Ke2 Nf8 20. Rh1 Bd7 21. Kf1 a6
22. a4 Qe7 23. Qd1 Kd8 24. Bg4 Kc7 25. Rh8 Rb8 26. Bxd7 Nxd7 27. Rxb8 Kxb8 28.
a5 bxa5 29. Na4 Qd8 30. Qh5 g6 31. Qh7 Qe8 32. Bxa5 Bg5 33. b3 Kb7 34. Qh1 Nf6
35. Qf3 Qd7 36. Ke2 Qe8 37. Kd1 Nh7 38. Qc3 Kb8 39. Qc2 1-0

[Event "Nordic Ch 8.Vesterhav"]
[Site "Esbjerg"]
[Date "1983.07.22"]
[Round "4"]
[White "Raaste, Eero J"]
[Black "Ziska, Andrias"]
[Result "1-0"]
[WhiteElo "2375"]
[BlackElo "2200"]
[PlyCount "77"]
[EventDate "1983.??.??"]
[EventCountry "DEN"]

1. c4 Nf6 2. Nf3 g6 3. b4 Bg7 4. Bb2 O-O 5. g3 d6 6. Bg2 e5 7. d3 Nc6 8. b5 Ne7
9. O-O Nd7 10. Nc3 f5 11. Nd2 Nf6 12. a4 Rb8 13. Nd5 b6 14. Qc2 Bb7 15. Nb3 Kh8
16. Nb4 Bxg2 17. Kxg2 Qe8 18. a5 g5 19. axb6 axb6 20. d4 e4 21. d5 Qg6 22. f3
Qh6 23. Nd4 f4 24. g4 e3 25. Nbc6 Nxc6 26. bxc6 Rf7 27. Ra7 Nxg4 28. fxg4 Qh4
29. Kh1 Qh3 30. Raa1 Qxg4 31. Ne6 Be5 32. Rg1 Qf5 33. Qxf5 Rxf5 34. Bxe5+ Rxe5
35. Nxg5 Rf8 36. Ra8 Ref5 37. Rxf8+ Rxf8 38. Ne6 Rf7 39. Kg2 1-0

[Event "Nordic Ch 8.Vesterhav"]
[Site "Esbjerg"]
[Date "1983.07.22"]
[Round "4"]
[White "Schneider, Lars Ake"]
[Black "Tiller, Bjorn"]
[Result "1/2-1/2"]
[WhiteElo "2445"]
[BlackElo "2430"]
[PlyCount "145"]
[EventDate "1983.??.??"]
[EventCountry "DEN"]

1. e4 e6 2. d4 d5 3. Nd2 c5 4. exd5 exd5 5. Bb5+ Nc6 6. Qe2+ Be7 7. dxc5 Nf6 8.
Nb3 O-O 9. Bg5 Re8 10. O-O-O a5 11. a4 Bd7 12. Nf3 Na7 13. Nfd4 Ne4 14. Bxe7
Rxe7 15. Rhe1 Nxb5 16. Nxb5 Bxb5 17. axb5 a4 18. Nd2 a3 19. bxa3 Rxa3 20. Nb1
Qa5 21. Qg4 Re6 22. Rxe4 h5 23. Rxe6 hxg4 24. Re8+ Kh7 25. Nxa3 Qxa3+ 26. Kb1
Qb4+ 27. Kc1 Qa3+ 28. Kb1 Qb4+ 29. Kc1 Qxc5 30. Rd2 Qxb5 31. Re1 Qa5 32. Kd1
Qc7 33. g3 Qc4 34. Rd3 Kg6 35. Re5 Kf6 36. Rexd5 Qe4 37. R5d4 Qh1+ 38. Ke2 Kg5
39. Re3 f5 40. Rd7 g6 41. Rd6 Qb1 42. c3 Qb5+ 43. Ke1 Qb1+ 44. Kd2 Qb2+ 45. Kd3
Qxf2 46. Ree6 Kh5 47. Rxg6 Qf3+ 48. Kc4 Qe2+ 49. Kc5 Qf2+ 50. Kb5 Qb2+ 51. Kc4
Qe2+ 52. Kb3 Qb5+ 53. Ka2 Qa5+ 54. Kb2 Qb5+ 55. Kc1 Qf1+ 56. Kd2 Qf2+ 57. Kd3
Qf3+ 58. Kd4 Qf2+ 59. Kd5 Qf3+ 60. Kc5 Qf2+ 61. Kb5 Qb2+ 62. Ka5 Qxc3+ 63. Kb6
Qb3+ 64. Ka7 Qf7 65. Rgf6 Qh7 66. Rb6 Kg5 67. Rfd6 Qg7 68. Rb5 Qe7 69. Rdd5 Qh7
70. Rd2 Qc7 71. Rdb2 Kg6 72. Rb6+ Kg5 73. Rd2 1/2-1/2

[Event "Nordic Ch 8.Vesterhav"]
[Site "Esbjerg"]
[Date "1983.07.22"]
[Round "4"]
[White "Wedberg, Tom"]
[Black "Sigurjonsson, Gudmundur"]
[Result "1/2-1/2"]
[WhiteElo "2495"]
[BlackElo "2460"]
[PlyCount "39"]
[EventDate "1983.??.??"]
[EventCountry "DEN"]

1. e4 c5 2. Nf3 d6 3. d4 cxd4 4. Nxd4 Nf6 5. Nc3 a6 6. Bg5 Nc6 7. Bxf6 gxf6 8.
Be2 Rg8 9. g3 Qb6 10. Nb3 e6 11. Qd2 Bd7 12. f4 O-O-O 13. O-O-O Kb8 14. Kb1 Na5
15. Rhf1 Be7 16. Nxa5 Qxa5 17. Bc4 Rc8 18. Qd3 h5 19. Bb3 h4 20. gxh4 1/2-1/2

[Event "Nordic Ch 8.Vesterhav"]
[Site "Esbjerg"]
[Date "1983.07.22"]
[Round "4"]
[White "Westerinen, Heikki"]
[Black "Hansen, Curt"]
[Result "0-1"]
[WhiteElo "2385"]
[BlackElo "2450"]
[PlyCount "114"]
[EventDate "1983.??.??"]
[EventCountry "DEN"]

1. e4 c5 2. f4 e6 3. Nf3 d5 4. Bb5+ Bd7 5. Bxd7+ Nxd7 6. d3 Bd6 7. c4 Ne7 8.
Nc3 O-O 9. O-O Bc7 10. Qe2 Re8 11. f5 dxe4 12. Ng5 Nf8 13. fxe6 f6 14. Ngxe4 b6
15. Bd2 Be5 16. Rf3 Nc6 17. Rh3 Rxe6 18. Qh5 Qe8 19. Qxe8 Rexe8 20. Rb1 f5 21.
Ng5 Rad8 22. Nd5 Ne7 23. Nxe7+ Rxe7 24. Rf3 g6 25. b4 Nd7 26. bxc5 Nxc5 27. Bb4
Bf6 28. Nh3 Re2 29. Bxc5 bxc5 30. a4 Rde8 31. Nf4 Re1+ 32. Rf1 Bd4+ 33. Kh1
Rxf1+ 34. Rxf1 Rb8 35. h3 Be5 36. Ne6 Bd6 37. g4 fxg4 38. hxg4 Re8 39. Ng5 Re3
40. Rf3 Re1+ 41. Kg2 Be7 42. Ne4 Kg7 43. g5 Ra1 44. Nf6 Rxa4 45. Nxh7 Ra6 46.
Rh3 Re6 47. Kf3 a5 48. Rh1 a4 49. Nf6 Bxf6 50. gxf6+ Kxf6 51. Ra1 Ke5 52. Rxa4
Kd4 53. Ra3 Re3+ 54. Kf2 Rxd3 55. Ra6 Kxc4 56. Rxg6 Kc3 57. Ke2 c4 0-1

[Event "Nordic Ch 8.Vesterhav"]
[Site "Esbjerg"]
[Date "1983.07.23"]
[Round "5"]
[White "Forintos, Gyozo"]
[Black "Wedberg, Tom"]
[Result "1/2-1/2"]
[WhiteElo "2450"]
[BlackElo "2495"]
[PlyCount "113"]
[EventDate "1983.??.??"]
[EventCountry "DEN"]

1. g3 c5 2. Bg2 Nc6 3. f4 d5 4. Nf3 g6 5. O-O Bg7 6. d3 Nf6 7. c3 O-O 8. Qc2 d4
9. Na3 Nd5 10. Bd2 b6 11. Nc4 Bb7 12. a4 Rc8 13. Qb3 Ba6 14. Nfe5 e6 15. Nxc6
Rxc6 16. Na3 dxc3 17. bxc3 Rc8 18. Nc4 Ne7 19. Rab1 Nf5 20. Qa2 Qc7 21. Na3 Qd7
22. Nc4 Rfd8 23. Qb3 Qe7 24. Bf3 Nd6 25. Nxd6 Qxd6 26. c4 Qd4+ 27. Kg2 Bxc4 28.
dxc4 Qxd2 29. Rfd1 Qc3 30. Qxc3 Bxc3 31. Kf2 Bd2 32. Be4 Rd6 33. e3 Rcd8 34.
Ke2 f5 35. Bc2 Kf7 36. Rb3 Ke7 37. Rd3 Rxd3 38. Bxd3 Bc3 39. Bc2 Rg8 40. Rd3
Bf6 41. Kf3 h6 42. a5 bxa5 43. Ra3 Rb8 44. Ke2 Rb2 45. Kd3 Rb7 46. Ke2 Rd7 47.
Bd3 Kd6 48. Rxa5 Bd8 49. Ra6+ Bb6 50. Bc2 Re7 51. Ra1 Kc7 52. Rd1 Ba5 53. Ra1
Kb6 54. Rd1 Kc7 55. Ra1 Bb6 56. Rd1 Rg7 57. Kf3 1/2-1/2

[Event "Nordic Ch 8.Vesterhav"]
[Site "Esbjerg"]
[Date "1983.07.23"]
[Round "5"]
[White "Hansen, Curt"]
[Black "Jakobsen, Ole"]
[Result "1/2-1/2"]
[WhiteElo "2450"]
[BlackElo "2440"]
[PlyCount "45"]
[EventDate "1983.??.??"]
[EventCountry "DEN"]

1. c4 e5 2. Nc3 Nf6 3. Nf3 Nc6 4. g3 d5 5. cxd5 Nxd5 6. Bg2 Nb6 7. O-O Be7 8.
a3 a5 9. d3 O-O 10. Be3 Be6 11. Na4 Nd5 12. Bc5 Re8 13. Rc1 Bf6 14. Qc2 Rc8 15.
e4 Nb6 16. Rfd1 Nxa4 17. Qxa4 Bd7 18. Qc4 a4 19. d4 exd4 20. Bxd4 Nxd4 21. Nxd4
Qe7 22. Rd2 Red8 23. Rcd1 1/2-1/2

[Event "Nordic Ch 8.Vesterhav"]
[Site "Esbjerg"]
[Date "1983.07.23"]
[Round "5"]
[White "Hansson, Dan"]
[Black "Raaste, Eero J"]
[Result "1-0"]
[WhiteElo "2320"]
[BlackElo "2375"]
[PlyCount "80"]
[EventDate "1983.??.??"]
[EventCountry "DEN"]

1. e4 e6 2. d4 d5 3. e5 c5 4. c3 Nc6 5. Nf3 Qb6 6. a3 c4 7. Nbd2 Na5 8. g3 Bd7
9. Bh3 Ne7 10. O-O h6 11. Nh4 O-O-O 12. Ng2 Ng6 13. Ne3 Be7 14. Qe2 f5 15. exf6
gxf6 16. Qh5 Rdg8 17. Nxd5 exd5 18. Bxd7+ Kxd7 19. Qxd5+ Kc8 20. Nxc4 Nxc4 21.
Qxc4+ Qc6 22. Qd3 Kb8 23. Re1 Qd7 24. Qe4 f5 25. Qe6 Qxe6 26. Rxe6 Kc7 27. Kf1
Kd7 28. d5 h5 29. Be3 h4 30. Ke2 a6 31. c4 hxg3 32. hxg3 Bd6 33. c5 Be5 34. Rb6
Kc7 35. f4 Rh2+ 36. Kd3 Bh8 37. Rb1 Nf8 38. c6 bxc6 39. Rc1 Rxg3 40. Rcxc6+ Kd7
1-0

[Event "Nordic Ch 8.Vesterhav"]
[Site "Esbjerg"]
[Date "1983.07.23"]
[Round "5"]
[White "Sigurjonsson, Gudmundur"]
[Black "Agdestein, Simen"]
[Result "1/2-1/2"]
[WhiteElo "2460"]
[BlackElo "2400"]
[PlyCount "84"]
[EventDate "1983.??.??"]
[EventCountry "DEN"]

1. e4 e6 2. d4 d5 3. Nc3 Bb4 4. Nge2 dxe4 5. a3 Be7 6. Nxe4 Nf6 7. Qd3 O-O 8.
Bf4 Bd7 9. Nxf6+ Bxf6 10. O-O-O a5 11. Nc3 Bg5 12. Qe3 Bxf4 13. Qxf4 Bc6 14.
Bd3 Nd7 15. h4 Nf6 16. h5 Qd6 17. Qh4 h6 18. Rhe1 Nd5 19. Nxd5 Qxd5 20. c4 Qd8
21. Qg3 b5 22. cxb5 Bd5 23. Kb1 c6 24. bxc6 Qb6 25. Be4 Rab8 26. Rd2 Bxc6 27.
Qf3 Bxe4+ 28. Rxe4 Rfd8 29. g4 Rd5 30. Re5 Rxd4 31. Ree2 a4 32. Rxd4 Qxd4 33.
Rc2 Rb3 34. Qe2 e5 35. Rc8+ Kh7 36. Qc2+ e4 37. Rc3 f5 38. gxf5 Rxc3 39. bxc3
Qb6+ 40. Kc1 Qc5 41. Kb2 Qb5+ 42. Kc1 Qf1+ 1/2-1/2

[Event "Nordic Ch 8.Vesterhav"]
[Site "Esbjerg"]
[Date "1983.07.23"]
[Round "5"]
[White "Tiller, Bjorn"]
[Black "Westerinen, Heikki"]
[Result "1/2-1/2"]
[WhiteElo "2430"]
[BlackElo "2385"]
[PlyCount "82"]
[EventDate "1983.??.??"]
[EventCountry "DEN"]

1. Nf3 d5 2. d4 c5 3. c4 cxd4 4. cxd5 Qa5+ 5. Qd2 Qxd2+ 6. Nbxd2 Nf6 7. Nxd4
Nxd5 8. e4 Nb4 9. N2f3 N8c6 10. Bb5 Bd7 11. Ke2 Rc8 12. Rd1 g6 13. Bd2 Nxd4+
14. Nxd4 Bxb5+ 15. Nxb5 Nc6 16. Bc3 f6 17. Rd5 a6 18. Nd4 Nxd4+ 19. Rxd4 e5 20.
Rd3 h5 21. Rad1 Rh7 22. g3 b5 23. f4 b4 24. Be1 Rc2+ 25. R1d2 Rxd2+ 26. Bxd2
exf4 27. gxf4 Rc7 28. Kd1 Rc4 29. Re3 Bd6 30. Re2 Kf7 31. b3 Rc8 32. e5 fxe5
33. fxe5 Be7 34. e6+ Kf6 35. Bc1 Kf5 36. Bb2 Rc5 37. Kd2 Ra5 38. Kd3 Rxa2 39.
Re5+ Kf4 40. Re4+ Kf3 41. Re3+ Kg4 1/2-1/2